Complete the Card - NXT Stand & Deliver 2022 - Statistics

General Stats
  • This quiz has been taken 41 times
  • The average score is 15 of 21
Answer Stats
Hint Answer % Correct
NXT North American Championship Ladder Match Carmelo Hayes
97%
NXT Championship Match Bron Breakker
94%
Triple Threat NXT Tag Team Championship Match Wes Lee
91%
NXT Championship Match Dolph Ziggler
83%
NXT North American Championship Ladder Match Cameron Grimes
80%
Triple Threat NXT Tag Team Championship Match Nash Carter
80%
NXT North American Championship Ladder Match Grayson Waller
77%
NXT North American Championship Ladder Match Santos Escobar
71%
NXT Women's Tag Team Championship (Kickoff Show) Gigi Dolin
69%
NXT Women's Tag Team Championship (Kickoff Show) Jacy Jayne
69%
NXT Women's Tag Team Championship (Kickoff Show) Dakota Kai
66%
Singlеs Matсh Gunther
66%
Singlеs Matсh LA Knight
66%
NXT North American Championship Ladder Match Solo Sikoa
66%
Triple Threat NXT Tag Team Championship Match Brutus Creed
63%
Triple Threat NXT Tag Team Championship Match Julius Creed
63%
Singles Match Tommaso Ciampa
63%
Singles Match Tony D'Angelo
63%
Triple Threat NXT Tag Team Championship Match Fabian Aichner
60%
Triple Threat NXT Tag Team Championship Match Marcel Barthel
60%
NXT Women's Tag Team Championship (Kickoff Show) Raquel González
60%
No matching quizzes found
Score Distribution
Percent of People with Each Score
Percentile by Number Answered
Your Score History
You have not taken this quiz